|
|
|
|
| LEADER |
00000naa0a2200000 4500 |
| 001 |
650996 |
| 005 |
20251128154816.0 |
| 035 |
|
|
|a (RuTPU)RU\TPU\network\16245
|
| 035 |
|
|
|a RU\TPU\network\1876
|
| 090 |
|
|
|a 650996
|
| 100 |
|
|
|a 20161028d2016 k y0engy50 ba
|
| 101 |
0 |
|
|a eng
|
| 102 |
|
|
|a RU
|
| 135 |
|
|
|a drcn ---uucaa
|
| 181 |
|
0 |
|a i
|
| 182 |
|
0 |
|a b
|
| 200 |
1 |
|
|a Conventional synthesis and structure of halogen-substituted "kuhn" verdazyl building blocks
|f P. V. Petunin [et al.]
|
| 203 |
|
|
|a Text
|c electronic
|
| 300 |
|
|
|a Title screen
|
| 320 |
|
|
|a [References: p. 110 (7 tit.)]
|
| 463 |
|
|
|t VII International Conference "High-Spin Molecules and molecular magnets". X Russian-Japanese Workshop "Open shell compounds and molecular spin devices". I Scientific School for Young Scientists "Design of magnetoactive compounds"
|o 19-23 September 2016, Novosibirsk, Russia : Abstracts and Program
|v [P. 110]
|d 2016
|
| 610 |
1 |
|
|a электронный ресурс
|
| 610 |
1 |
|
|a труды учёных ТПУ
|
| 701 |
|
1 |
|a Petunin
|b P. V.
|c chemist
|c Associate Professor of Tomsk Polytechnic University, Candidate of Chemical Sciences
|f 1982-
|g Pavel Vasilievich
|3 (RuTPU)RU\TPU\pers\36904
|9 19933
|
| 701 |
|
1 |
|a Martynko
|b E. А.
|g Ekaterina Andreevna
|
| 701 |
|
1 |
|a Postnikov
|b P. S.
|c organic chemist
|c Associate Professor of Tomsk Polytechnic University, Candidate of chemical sciences
|f 1984-
|g Pavel Sergeevich
|3 (RuTPU)RU\TPU\pers\31287
|9 15465
|
| 701 |
|
1 |
|a Trusova
|b M. E.
|c organic chemist
|c Associate professor of Tomsk Polytechnic University, Candidate of chemical sciences
|f 1982-
|g Marina Evgenievna
|3 (RuTPU)RU\TPU\pers\31823
|9 15918
|
| 712 |
0 |
2 |
|a Национальный исследовательский Томский политехнический университет (ТПУ)
|b Институт физики высоких технологий (ИФВТ)
|b Кафедра биотехнологии и органической химии (БИОХ)
|3 (RuTPU)RU\TPU\col\18693
|
| 712 |
0 |
2 |
|a Национальный исследовательский Томский политехнический университет (ТПУ)
|b Институт природных ресурсов (ИПР)
|b Кафедра технологии органических веществ и полимерных материалов (ТОВПМ)
|3 (RuTPU)RU\TPU\col\18659
|
| 801 |
|
1 |
|a RU
|b 63413507
|c 20141010
|
| 801 |
|
2 |
|a RU
|b 63413507
|c 20161028
|g RCR
|
| 850 |
|
|
|a 63413507
|
| 856 |
4 |
|
|u http://molmag-2016.tomo.nsc.ru/images/Abstracts-book-s.pdf#page=111
|
| 942 |
|
|
|c CF
|